000 01224nam a2200313 i 4500
001 66665
003 ES-MaACL
005 20250819055950.0
007 t|
008 030702s2003 sp ||||0| spa d
020 _a84-7522-858-5
040 _aM-BN
_bspa
_cM-BN
080 _a821.134.2-31.09"19"
080 _a321.64:821.134.2
100 1 _aAlbert, Mechthild.
_919314
245 1 0 _aVanguardistas de camisa azul
_b: la trayectoria de los escritores Tomás Borrás, Felipe Ximénez de Sandoval, Samuel Ros y Antonio de Obregón entre 1925 y 1940 /
_cMechthild Albert ; traducción de Cristina Díez Pampliega y Juan Ramón García Ober.
260 _aMadrid :
_bVisor Libros,
_c[2003]
300 _a487 p. ;
_c21 cm.
490 1 _aBiblioteca filológica hispana ;
_v58
504 _aBibliografía: p. [451]-478. Indice.
650 1 4 _aNovela española-
_yS.XX-
_xHistoria y crítica
_915617
650 4 _aFascismo y literatura-
_zEspaña
_912732
700 1 _aDíez Pampliega, Cristina.
_944758
700 1 _aGarcía Ober, Juan Ramón.
_955041
830 0 _aBiblioteca filológica hispana ;
_v58
_9179654
852 _aES-MaACL
_jL-27159
_bR.132766
999 _c66665
_d66665